Az idegen a nyugati féltekén
Elmentve itt :
| Szerzők: | |
|---|---|
| Testületi szerző: | |
| Dokumentumtípus: | Könyv része |
| Megjelent: |
2018
|
| Sorozat: | Lábjegyzetek Platónhoz
16 Az idegen 16 |
| Kulcsszavak: | Elidegenedés - filozófia |
| Tárgyszavak: | |
| Online Access: | http://acta.bibl.u-szeged.hu/65161 |
| LEADER | 00861naa a2200253 i 4500 | ||
|---|---|---|---|
| 001 | acta65161 | ||
| 005 | 20220107123145.0 | ||
| 008 | 200312s2018 hu o 0|| hun d | ||
| 020 | |a 978-615-5727-01-6 | ||
| 022 | |a 1785-7082 | ||
| 040 | |a SZTE Egyetemi Kiadványok Repozitórium |b hun | ||
| 041 | |a hun | ||
| 100 | 1 | |a Csejtei Dezső | |
| 245 | 1 | 3 | |a Az idegen a nyugati féltekén |h [elektronikus dokumentum] / |c Csejtei Dezső |
| 260 | |c 2018 | ||
| 300 | |a 199-216 | ||
| 490 | 0 | |a Lábjegyzetek Platónhoz |v 16 | |
| 490 | 0 | |a Az idegen |v 16 | |
| 650 | 4 | |a Bölcsészettudományok | |
| 650 | 4 | |a Filozófia, etika és vallástudományok | |
| 695 | |a Elidegenedés - filozófia | ||
| 700 | 0 | 1 | |a Juhász Anikó |e aut |
| 710 | |a Lábjegyzetek Platónhoz : Az idegen (2017) (Szeged) | ||
| 856 | 4 | 0 | |u http://acta.bibl.u-szeged.hu/65161/1/platonhoz_016_199-216.pdf |z Dokumentum-elérés |